Statistics for Xinjiang Province Quiz

Click here to take the quiz!

General Stats

  • This quiz has been taken 81 times
  • The average score is 10 of 13

Answer Stats

HintAnswer% Correct
This ancient trade route went through XinjiangSilk Road
94%
Capital cityÜrümqi
91%
The dominant religion of mentioned minorityIslam
90%
Some say that this ethnic minority is suffering a genocideUyghur
88%
The two largest desertsGobi
85%
Xinjiang is in the same ___ ____ as Beijing, which makes businesses open at unusual hoursTime Zone
85%
Name either of the three countries most similar in size to XinjiangLibya | Iran | Mongolia
67%
Hotan is the city with the most _____ in the world (hint: air)Pollution
67%
Think of the Wild West: What does "Xinjiang" mean?New {Frontier}
63%
Xinjiang largely corresponds with this historical region (hint: Turkic presence)Turkestan
63%
Major mountain range whose largest part is in Pakistan{Kara}koram
61%
Takla{makan}
58%
Xinjiang is the world' largest producer of this cropCotton
57%

Score Distribution

Percentile by Number Answered

Percent of People with Each Score

Your Score History

You have not taken this quiz